000 00458 a2200145 4500
001 ART_3201
005 20260410161713.0
008 260409a
245 1 0 _aAcerca del desarrollo indusrial argentino.Un comentario crítico
100 1 _aAzpiazu, Daniel
700 1 _aBonvecchi, Carlos E.
700 1 _aKhavisse, Miguel
700 1 _aTurkieh, Mauricio
773 0 _tDesarrollo económico
_g- Vol. 15, Nº 60 (ene./mar. 1976)
_wREV1174
999 _c16233
_d16233